|
|
|
|
| LEADER |
01012naa a2200229 i 4500 |
| 001 |
acta77605 |
| 005 |
20221205123432.0 |
| 008 |
221205s2021 hu o 1|| hun d |
| 020 |
|
|
|a 978-615-5946-31-8
|
| 040 |
|
|
|a SZTE Egyetemi Kiadványok Repozitórium
|b hun
|
| 041 |
|
|
|a hun
|
| 100 |
1 |
|
|a Hetesi Erzsébet
|
| 245 |
1 |
0 |
|a Hitelesség vagy bizonytalanság a kommunikációban?
|h [elektronikus dokumentum] :
|b [absztrakt] /
|c Hetesi Erzsébet
|
| 260 |
|
|
|a SZTE JGYPK Művelődéstudományi Intézet
|b Szeged
|c 2021
|
| 300 |
|
|
|a 13-14
|
| 490 |
0 |
|
|a Átmenetek - A globális és helyi kultúrák határán : absztraktok
|
| 650 |
|
4 |
|a Társadalomtudományok
|
| 650 |
|
4 |
|a Média és kommunikáció
|
| 695 |
|
|
|a Marketing kommunikáció - előadáskivonat, Világjárvány - előadáskivonat
|
| 700 |
0 |
1 |
|a Juhász Zoltán
|e aut
|
| 711 |
|
|
|a Átmenetek - A globális és helyi kultúrák határán
|c Szeged
|d 2021. március 12-13.
|
| 856 |
4 |
0 |
|u http://acta.bibl.u-szeged.hu/77605/1/atmenetek_2021_013-014.pdf
|z Dokumentum-elérés
|